आदिवासी संगीत : (Record no. 120791)
[ view plain ]
| 000 -LEADER | |
|---|---|
| fixed length control field | 01309nam a22002657a 4500 |
| 005 - DATE AND TIME OF LATEST TRANSACTION | |
| control field | 20170124103203.0 |
| 010 ## - LIBRARY OF CONGRESS CONTROL NUMBER | |
| LC control number | A-299819 |
| 020 ## - INTERNATIONAL STANDARD BOOK NUMBER | |
| Terms of availability | 50.00 |
| 035 ## - SYSTEM CONTROL NUMBER | |
| System control number | A-299819 |
| 037 ## - SOURCE OF ACQUISITION | |
| Source of stock number/acquisition | Cen Lib/Ret |
| 040 ## - CATALOGING SOURCE | |
| Original cataloging agency | DPL |
| Language of cataloging | HN |
| 082 ## - DEWEY DECIMAL CLASSIFICATION NUMBER | |
| Classification number | 780.9 |
| Item number | शुक्लही |
| 100 ## - MAIN ENTRY--PERSONAL NAME | |
| Personal name | शुक्ल, हीरालाल |
| 9 (RLIN) | 92640 |
| 245 ## - TITLE STATEMENT | |
| Title | आदिवासी संगीत : |
| Statement of responsibility, etc | हीरालाल शुक्ल |
| Remainder of title | मुरिया-संगीतशास्त्र : मानवविग्यनाश्रित सांगीतिक भाषाविज्ञान की भूमिका / |
| 246 ## - VARYING FORM OF TITLE | |
| Title proper/short title | Adivasi sangeet : muriya-sangeetshatr : manavvigyanashrit sangitik bahshavigyan ki bhumika / |
| Remainder of title | by Hiralal Shukla |
| 260 ## - PUBLICATION, DISTRIBUTION, ETC. (IMPRINT) | |
| Place of publication, distribution, etc | भोपाल |
| Name of publisher, distributor, etc | मध्य प्रदेश हिन्दी ग्रन्थ अकादमी |
| Date of publication, distribution, etc | 1986 |
| 270 ## - ADDRESS | |
| City | भोपाल |
| 300 ## - PHYSICAL DESCRIPTION | |
| Extent | 281पृ. |
| Dimensions | 23सेमी(सजिल्द) |
| 500 ## - GENERAL NOTE | |
| General note | अनुक्रमाणिका शामिल |
| 650 ## - SUBJECT ADDED ENTRY--TOPICAL TERM | |
| Topical term or geographic name as entry element | आदिवासी संगीत |
| 9 (RLIN) | 92641 |
| 650 ## - SUBJECT ADDED ENTRY--TOPICAL TERM | |
| Topical term or geographic name as entry element | संगीत -- जनजाति |
| 9 (RLIN) | 92642 |
| 650 ## - SUBJECT ADDED ENTRY--TOPICAL TERM | |
| Topical term or geographic name as entry element | Tribal Music |
| 9 (RLIN) | 92643 |
| 650 ## - SUBJECT ADDED ENTRY--TOPICAL TERM | |
| Topical term or geographic name as entry element | Music - Tribes |
| 9 (RLIN) | 92644 |
| 942 ## - ADDED ENTRY ELEMENTS (KOHA) | |
| Source of classification or shelving scheme | Dewey Decimal Classification |
| Koha item type | Hindi Books |
| Classification part | 780.9 |
| Call number suffix | शुक्लही |
| Withdrawn status | Lost status | Damaged status | Not for loan | Home library | Current library | Date acquired | Source of acquisition | Cost, normal purchase price | Total Checkouts | Full call number | Barcode | Date last seen | Copy number | Cost, replacement price | Price effective from | Koha item type |
|---|---|---|---|---|---|---|---|---|---|---|---|---|---|---|---|---|
| Central Library | Central Library | 28/09/2015 | Cen Lib/Ret | 50.00 | 780.9 शुक्लही | A-299819 | 28/09/2015 | 1 | 50.00 | 28/09/2015 | Hindi Books |
